000 01096cam a22002055a 4500
001 L149096
008 100111e2009 xxk 000 0 eng d
035 _a(Sirsi) u149096
041 0 _aeng
100 1 _aEade, Christine
245 0 0 _aMarkets
_bThames Gateway
260 _c2009
490 0 _aProperty Week
_v75(47) 20 November 2009, 45-50(5)
520 _aOver 500 000 sq ft of new development may shortly be given the go-ahead to expand Europe?s largest out-of-town retail destination, Lakeside Shopping Centre in Thurrock and the surrounding retail parks. Presents images of the proposed four phases of Olympics 2012 development ending in a new city post 2025. Private sector developers are being sought to regenerate 98 acres in and around Purfleet. Invest Thames Gateway commissioned report concludes that the absence of bridges across the Thames between Kent and Essex is the greatest shortcoming in the Thames Gateway?s transport system.
590 _aKA
651 4 _aEssex
651 4 _aKent
690 _aPROPERTY-COMMERCIAL PROPERTY-COMMERCIAL PROPERTY MARKET
942 _n0
999 _c82045
_d82045